Pokémon- Les capacités qui permettent de modifier une statistique - Statistiques

Statistiques générales
  • Ce quiz a été pris 102 fois
    94 depuis la dernière actualisation
  • Le résultat moyen est 95 sur 266
Statistiques - réponses
Effet Capacité % Correct
Augmentation de l'Attaque | Augmentation de la Vitesse Danse Draco
87%
Augmentation de l'Attaque Danse-Lames
85%
Augmentation de l'Esquive Reflet
82%
Diminution de l'Attaque Rugissement
79%
Augmentation de la Vitesse Hâte
77%
Diminution de la Défense | Diminution de la Défense Spéciale Close Combat
74%
Augmentation de l'Esquive Lilliput
74%
Augmentation de l'Attaque Spéciale | Augmentation de la Défense Spéciale Plénitude
74%
Diminution de la Défense Spéciale Psyko
74%
Diminution de la Défense Mimi-Queue
72%
Augmentation de la Défense Mur de Fer
69%
Augmentation de l'Attaque Spéciale | Augmentation de la Défense Spéciale | Augmentation de la Vitesse Papillodanse
69%
Augmentation de l'Attaque | Augmentation de la Défense Gonflette
67%
Augmentation de l'Attaque | Augmentation de la Précision Aiguisage
64%
Diminution de l'Attaque Spéciale Draco Météor
64%
Augmentation de la Vitesse Nitrocharge
64%
Diminution de l'Attaque Spéciale Surchauffe
64%
Augmentation de l'Attaque Spéciale Machination
62%
Augmentation de l'Attaque Poing Boost
62%
Augmentation de la Défense Boul'Armure
59%
Augmentation de l'Attaque | Augmentation de la Vitesse Chgt Vitesse
59%
Diminution de l'Attaque Spéciale Pouvoir Lunaire
59%
Diminution de l'Attaque Spéciale Tempête Verte
59%
Augmentation de la Défense Armure
56%
Diminution de l'Esquive Doux Parfum
56%
Augmentation de l'Attaque | Augmentation de l'Attaque Spéciale Rengorgement
56%
Augmentation de la Défense Spéciale Amnésie
54%
Diminution de la Précision Jet de Sable
54%
Augmentation de l'Attaque | Augmentation de la Défense | Diminution de la Vitesse Malédiction
54%
Augmentation de l'Attaque | Augmentation de l'Attaque Spéciale | Augmentation de la Défense | +2 others Pouvoir Antique
54%
Diminution de la Vitesse Vent Glace
54%
Augmentation de la Défense Bouclier
51%
Augmentation de l'Attaque | Augmentation de l'Attaque Spéciale | Augmentation de la Vitesse | +2 others Exuviation
51%
Diminution de la Défense Grincement
51%
Augmentation de l'Attaque Grondement
51%
Diminution de la Défense Groz'Yeux
51%
Diminution de l'Attaque | Diminution de la Défense Surpuissance
51%
Augmentation de la Vitesse Allègement
49%
Diminution de l'Esquive Anti-Brume
49%
Diminution de la Défense Spéciale Ball'Ombre
49%
Augmentation de l'Attaque Spéciale Danse du Feu
49%
Diminution de la Défense Mâchouille
49%
Augmentation de l'Attaque Cognobidon
46%
Augmentation de l'Attaque Griffe Acier
46%
Augmentation de l'Attaque Spéciale Lumiqueue
46%
Augmentation de l'Attaque Spéciale Rayon Chargé
46%
Augmentation de la Défense Stockage
46%
Diminution de l'Attaque Spéciale Aboiement
44%
Diminution de la Défense Spéciale Acide
44%
Diminution de la Défense Spéciale Bombe Acide
44%
Augmentation de la Défense Spéciale Chargeur
44%
Diminution de la Défense | Diminution de la Défense Spéciale | Diminution de la Vitesse Coup Victoire
44%
Diminution de la Défense Spéciale Croco Larme
44%
Diminution de la Défense Spéciale Eco-Sphère
44%
Diminution de la Vitesse Grimace
44%
Augmentation de la Vitesse Poliroche
44%
Diminution de la Vitesse Sécrétion
44%
Diminution de la Vitesse Tomberoche
44%
Augmentation de l'Attaque Vantardise
44%
Augmentation de la Défense Acidarmure
41%
Diminution de l'Attaque Bouclier Royal
41%
Diminution de la Précision Coud'Boue
41%
Augmentation de l'Attaque | Augmentation de la Défense | Augmentation de la Vitesse Danse Victoire
41%
Diminution de l'Attaque | Diminution de l'Attaque Spéciale Dernier Mot
41%
Augmentation de l'Attaque | Augmentation de la Défense | Augmentation de la Précision Enroulement
41%
Diminution de l'Attaque | Diminution de l'Attaque Spéciale Souvenir
41%
Diminution de la Défense Spéciale Telluriforce
41%
Augmentation de l'Attaque Affûtage
38%
Diminution de l'Attaque Spéciale Canon Floral
38%
Diminution de l'Attaque Charme
38%
Diminution de la Défense Spéciale Exploforce
38%
Augmentation de l'Attaque Spéciale | Augmentation de la Défense Spéciale | Augmentation de la Vitesse Géo-Contrôle
38%
Diminution de l'Attaque Spéciale Psycho Boost
38%
Diminution de l'Attaque Regard Touchant
38%
Diminution de la Défense Spéciale Strido-Son
38%
Augmentation de l'Attaque | Augmentation de l'Attaque Spéciale | Augmentation de l'Esquive | +4 others Acupression
36%
Augmentation de la Défense | Augmentation de la Défense Spéciale Appel Défense
36%
Diminution de l'Attaque Camaraderie
36%
Augmentation de la Défense Cotogarde
36%
Augmentation de la Vitesse Danse Aquatique
36%
Augmentation de la Vitesse Désherbaffe
36%
Augmentation de l'Attaque | Augmentation de l'Attaque Spéciale | Augmentation de la Défense | +2 others Dracacophonie
36%
Diminution de la Défense Eclate-Roc
36%
Augmentation de l'Attaque Spéciale Flatterie
36%
Diminution de l'Attaque Spéciale Survinsecte
36%
Diminution de la Vitesse Tir de Boue
36%
Augmentation de l'Attaque | Augmentation de l'Attaque Spéciale | Augmentation de la Défense | Augmentation de la Vitesse Vent Argenté
36%
Diminution de l'Attaque Abattage
33%
Diminution de l'Attaque Spéciale Ball'Brume
33%
Diminution de l'Attaque Câlinerie
33%
Augmentation de l'Attaque Spéciale Chant Flamboyant
33%
Augmentation de la Défense Coud'Krâne
33%
Augmentation de l'Attaque | Augmentation de l'Attaque Spéciale Croissance
33%
Diminution de l'Attaque Danse-Plume
33%
Augmentation de l'Attaque Spéciale Laser Météore
33%
Diminution de la Vitesse Piétisol
33%
Augmentation de l'Attaque Poing Météor
33%
Augmentation de la Défense Repli
33%
Diminution de la Vitesse Toile Gluante
33%
Diminution de la Défense Aqua-Brèche
31%
Diminution de l'Attaque | Diminution de la Défense Chatouille
31%
Diminution de la Défense | Diminution de la Défense Spéciale Draco Ascension
31%
Augmentation de la Défense | Augmentation de la Défense Spéciale Force Cosmik
31%
Diminution de l'Attaque Furie-Bond
31%
Diminution de la Défense Spéciale Lumi-Eclat
31%
Diminution de la Défense Spéciale Luminocanon
31%
Diminution de la Vitesse Marto-Poing
31%
Augmentation de l'Attaque | Augmentation de l'Attaque Spéciale | Augmentation de la Défense | +2 others Vent Mauvais
31%
Diminution de la Vitesse Balayette
28%
Diminution de la Précision Boue-Bombe
28%
Augmentation de l'Attaque | Augmentation de la Défense Coaching
28%
Augmentation de l'Attaque | Augmentation de l'Attaque Spéciale | Augmentation de la Vitesse Décharnement
28%
Diminution de la Vitesse Ecume
28%
Diminution de la Précision Flash
28%
Diminution de l'Attaque | Diminution de l'Attaque Spéciale Larme à l'Oeil
28%
Diminution de la Précision Ocroupi
28%
Diminution de l'Attaque Spéciale Ondes Etranges
28%
Augmentation de la Défense Orage Adamantin
28%
Diminution de l'Attaque | Diminution de l'Attaque Spéciale Râle Mâle
28%
Diminution de la Vitesse Tambour Battant
28%
Augmentation de l'Attaque | Augmentation de l'Attaque Spéciale | Augmentation de la Défense | +2 others Ultime Bastion
28%
Diminution de la Vitesse Bond
26%
Diminution de l'Attaque Spéciale Choc Emotionnel
26%
Diminution de la Vitesse Dérapage
26%
Diminution de l'Attaque Douche Froide
26%
Diminution de la Vitesse Fil Toxique
26%
Augmentation de l'Attaque Spéciale Fulgurayon
26%
Augmentation de la Vitesse | Diminution de la Défense Rafale Ecailles
26%
Augmentation de l'Attaque Yoga
26%
Diminution de la Défense | Diminution de la Défense Spéciale Assaut Frontal
23%
Diminution de la Précision Brouillard
23%
Augmentation de l'Attaque | Augmentation de l'Attaque Spéciale Engrenage
23%
Augmentation de l'Attaque | Diminution de la Défense Habanerage
23%
Augmentation de la Défense | Augmentation de la Défense Spéciale Magné-Contrôle
23%
Augmentation de la Défense Mur Fumigène
23%
Diminution de l'Attaque Onde Boréale
23%
Diminution de la Défense Queue de Fer
23%
Diminution de la Précision Télékinésie
23%
Diminution de la Défense Vibrécaille
23%
Augmentation de la Défense Aile d'Acier
21%
Diminution de l'Attaque Spéciale Confidence
21%
Diminution de la Précision Explonuit
21%
Augmentation de l'Attaque Spéciale | Augmentation de la Défense Spéciale Extravaillance
21%
Diminution de la Défense Spéciale Fulmigraine
21%
Diminution de la Défense | Diminution de la Défense Spéciale Octoprise
21%
Diminution de la Vitesse Spore Coton
21%
Diminution de l'Attaque Spéciale Acide Malique
18%
Diminution de la Défense Coup Fulgurant
18%
Diminution de la Défense Eclate Griffe
18%
Augmentation de l'Attaque Spéciale Force Mystique
18%
Diminution de la Défense Spéciale Lumino-Impact
18%
Augmentation de l'Attaque | Augmentation de l'Attaque Spéciale Nappage
18%
Diminution de la Précision Phytomixeur
18%
Diminution de l'Attaque | Diminution de l'Attaque Spéciale | Diminution de la Vitesse Piège de Venin
18%
Diminution de l'Attaque Spéciale Ravage Rampant
18%
Diminution de l'Attaque Spéciale Ruée d'Or
18%
Augmentation de la Défense Sprint Bouclier
18%
Diminution de la Défense Blocage
15%
Diminution de la Vitesse Bulles d'O
15%
Diminution de la Défense Coquilame
15%
Augmentation de l'Attaque Dard Mortel
15%
Diminution de la Vitesse Ere Glaciaire
15%
Diminution de la Défense Force G
15%
Augmentation de l'Attaque | Augmentation de la Vitesse Grand Nettoyage
15%
Diminution de la Vitesse Piège de Fil
15%
Augmentation de la Vitesse Roue Libre
15%
Diminution de l'Attaque Spéciale Séduction
15%
Diminution de la Défense Bombe au Sirop
13%
Diminution de l'Attaque Botte Sucrette
13%
Augmentation de la Défense Spéciale Brume Capiteuse
13%
Diminution de la Défense | Diminution de la Défense Spéciale Canon Blindé
13%
Diminution de la Vitesse Constriction
13%
Diminution de la Défense Fouet de Feu
13%
Augmentation de la Défense Garde Florale
13%
Diminution de la Précision Miroi-Tir
13%
Diminution de la Précision Octazooka
13%
Diminution de la Défense Triple Flèche
13%
Diminution de l'Attaque Typhon Passionné
13%
Diminution de l'Attaque Spéciale Feu Ensorcelé
10%
Diminution de la Vitesse Marteau de Glace
10%
Augmentation de l'Attaque | Augmentation de la Défense | Augmentation de la Vitesse Plat du Jour
10%
Augmentation de l'Attaque | Augmentation de l'Attaque Spéciale Fertilisation
8%
Diminution de l'Attaque | Diminution de l'Attaque Spéciale | Diminution de la Défense | Diminution de la Précision Force Cachée
8%
Augmentation de l'Attaque Frénésie
8%
Augmentation de la Défense Garde-à-Joues
8%
Augmentation de la Défense Chute de Neige
3%
Diminution de la Vitesse Goudronnage
3%
Aucun quiz correspondant
Distribution des résultats
% des personnes avec chaque résultat
Percentile par nombre de réponses
Votre historique - résultats
Vous n’avez pas pris ce quiz depuis la dernière actualisation